Normal view
MARC view
- Periodicals.
Entry Genre/Form Term
001 - CONTROL NUMBER
- control field: 20138
003 - CONTROL NUMBER IDENTIFIER
- control field: NUST
005 - DATE AND TIME OF LATEST TRANSACTION
- control field: 20190911050559.0
008 - FIXED-LENGTH DATA ELEMENTS
- fixed length control field: 190911|| aca||aabn | a|a d
040 ## - CATALOGING SOURCE
- Original cataloging agency: NUST
- Transcribing agency: NUST
155 ## - HEADING--GENRE/FORM TERM
- Genre/form term: Periodicals.
670 ## - SOURCE DATA FOUND
- Source citation: Work cat.: (NUST)0: Quentin Farmar-Bowers 20136, Australian road research., 1994
